Państwa na literę D - Statystyki

Ogólne statystyki
  • Ten quiz został rozwiązany 1 038 razy
  • Średni wynik to 4 z 5
Statystyki odpowiedzi
Odpowiedź % Poprawnych
Dania
98%
Dominika
76%
Dominikana
72%
Demokratyczna Republika Konga
59%
Dżibuti
53%
Nie znaleziono quizów pasujących do podanych kryteriów
Rozkład punktacji
Procent ludzi z każdym wynikiem
Percentyl według liczby udzielonych odpowiedzi
Twoja historia wyników
Nie rozwiązałeś tego quizu